00948nam a2200217Ia 4500003000400000005001700004008004100021020001800062040000900080082001900089100003400108245005300142260004700195300000900242650001600251942004400267952013400311952013400445952013400579999001700713OSt20200917141321.0190216s9999||||xx |||||||||||||| ||und|| a9788178083643 coclc a621.381bNAG/M aNagchoudhuri, Dipankar 94700 0aMicroelectronic Devices /cDipankar Nagchoudhuri bPearson Education Asia,c2002.aNew Delhi: a494p aElectronics cBK2ddch621.381iNAG/Mk621.381mNAG/M 00102ddc40708APHYaMESbMEScPHYd2019-02-20g225.00l0o621.381 NAG/Mp28607r2019-02-20 00:00:00t1w2019-02-20yBKzGL15R3 00102ddc40708APHYaMESbMEScPHYd2019-02-20g225.00l0o621.381 NAG/Mp28608r2019-02-20 00:00:00t2w2019-02-20yBKzGL15R3 00102ddc40708APHYaMESbMEScPHYd2019-02-20g350.00l0o621.381 NAG/Mp32335r2019-02-20 00:00:00t3w2019-02-20yBKzGL15R3 c33843d33843